[Event "Foment Martinenc op-C 24th"]
[Site "Barcelona"]
[Date "2024.04.27"]
[Round "2"]
[White "Janssen Martinez, Johan"]
[Black "Marti Godia, Enric"]
[Result "0-1"]
[WhiteElo "1351"]
[BlackElo "1501"]
[PlyCount "88"]
[EventDate "2024.04.20"]
[EventType "swiss"]
[EventRounds "9"]
[EventCountry "ESP"]
[SourceTitle "CBM 220 Extra"]
[Source "ChessBase"]
[SourceDate "2024.07.31"]
[SourceVersion "1"]
[SourceVersionDate "2024.07.31"]
[SourceQuality "1"]

1. e4 e5 2. Nf3 Nc6 3. Bb5 a6 4. Bxc6 dxc6 5. Nxe5 Qe7 6. Nf3 Qxe4+ 7. Qe2 Qxe2+ 8. Kxe2 Be6 9. Re1 0-0-0 10. Kf1 h6 11. Nc3 Kb8 12. Nd4 Rxd4 13. d3 Rd8 14. Bf4 Bd6 15. Bd2 Nf6 16. h3 g5 17. Rad1 Bf4 18. Bxf4 gxf4 19. a3 Rhg8 20. Ne2 Nh5 21. c4 Rg6 22. d4 Bxc4 23. Rc1 Bd5 24. f3 Rdg8 25. g4 fxg3 26. Ng1 Rf6 27. Re3 Nf4 28. Rc2 Re6 29. Rxe6 fxe6 30. Rd2 Re8 31. Rc2 e5 32. dxe5 Rxe5 33. Rc1 b5 34. b4 Bc4+ 35. Ne2 Bxe2+ 36. Ke1 Nd3+ 37. Kd2 Nxc1 38. Kxc1 g2 39. Kc2 g1Q 40. Kc3 Bxf3 41. Kd3 Qd1+ 42. Kc3 Re3+ 43. Kb2 Qd2+ 44. Kb1 Re1# 0-1

[Event "Foment Martinenc op-C 22nd"]
[Site "Barcelona"]
[Date "2022.05.28"]
[Round "6"]
[White "Marti Godia, Enric"]
[Black "Silva Cerda, Arnau Alonso"]
[Result "1-0"]
[WhiteElo "1500"]
[BlackElo "1367"]
[PlyCount "37"]
[EventDate "2022.04.23"]
[EventType "swiss"]
[EventRounds "9"]
[EventCountry "ESP"]
[SourceTitle "EXT 2023"]
[Source "ChessBase"]
[SourceDate "2022.10.05"]
[SourceVersion "1"]
[SourceVersionDate "2022.10.05"]
[SourceQuality "1"]

1. e4 c6 2. Nc3 d5 3. g3 Nf6 4. Bg2 d4 5. Nce2 e5 6. d3 Be7 7. Nf3 Nbd7 8. 0-0 0-0 9. Bd2 Re8 10. c3 c5 11. cxd4 exd4 12. h3 Qb6 13. Qc2 Bd6 14. Nh4 Ne5 15. Nf5 Bc7 16. Nf4 Qb5 17. b3 Ba5 18. Nd6 Rd8 19. Nxb5 1-0

[Event "Foment Martinenc op-C 20th"]
[Site "Barcelona"]
[Date "2018.05.12"]
[Round "4"]
[White "Rius Navarro, Marc"]
[Black "Marti Godia, Enric"]
[Result "0-1"]
[WhiteElo "1600"]
[BlackElo "1502"]
[PlyCount "64"]
[EventDate "2018.04.21"]
[EventType "swiss"]
[EventRounds "9"]
[EventCountry "ESP"]
[SourceTitle "CBM 184 Extra"]
[Source "ChessBase"]
[SourceDate "2018.06.28"]
[SourceVersion "1"]
[SourceVersionDate "2018.06.28"]
[SourceQuality "1"]

1. c4 e5 2. g3 Be7 3. Bg2 Nf6 4. Nc3 d6 5. e3 Nc6 6. Nge2 0-0 7. 0-0 Be6 8. h3 Bxc4 9. b3 Be6 10. Bb2 a6 11. Re1 Qd7 12. Kh2 Rab8 13. d4 d5 14. dxe5 Nxe5 15. Nxd5 Nxd5 16. Bxe5 Bd6 17. Bxd6 Qxd6 18. Rc1 Qe5 19. Bxd5 Bxd5 20. Nf4 Rbd8 21. Rc5 c6 22. Re2 b6 23. Rc1 Bf3 24. Qe1 Bxe2 25. Qxe2 c5 26. Qxa6 Qb2 27. Re1 Qxf2+ 28. Ng2 Rd2 29. Rg1 g5 30. Kh1 Re8 31. Qxb6 Qxg3 32. Rb1 Qxh3+ 0-1

[Event "Foment Martinenc op-C 20th"]
[Site "Barcelona"]
[Date "2018.04.21"]
[Round "1"]
[White "Marti Godia, Enric"]
[Black "Costas Escote, Mireia"]
[Result "0-1"]
[WhiteElo "1502"]
[BlackElo "1702"]
[PlyCount "56"]
[EventDate "2018.04.21"]
[EventType "swiss"]
[EventRounds "9"]
[EventCountry "ESP"]
[SourceTitle "CBM 184 Extra"]
[Source "ChessBase"]
[SourceDate "2018.06.28"]
[SourceVersion "1"]
[SourceVersionDate "2018.06.28"]
[SourceQuality "1"]

1. d4 d5 2. Bf4 Nc6 3. e3 Nf6 4. Nd2 Bf5 5. c3 e6 6. Ngf3 Bd6 7. Bxd6 Qxd6 8. Bb5 0-0 9. 0-0 Bg4 10. Qc2 Ne7 11. Bd3 Bf5 12. Ne5 b6 13. f4 c5 14. e4 Bxe4 15. Nxe4 Nxe4 16. Bxe4 dxe4 17. Qxe4 cxd4 18. Rad1 f6 19. Rxd4 Qc7 20. Rd7 Qc5+ 21. Rd4 fxe5 22. fxe5 Nc6 23. Rfd1 Nxd4 24. cxd4 Qd5 25. Qg4 Rac8 26. Qe2 Rc4 27. Qe3 Rc2 28. Rd2 Rc1+ 0-1

[Event "Foment Martinenc op-C 18th"]
[Site "Barcelona"]
[Date "2016.06.11"]
[Round "8"]
[White "Andreu Ferro, Biel"]
[Black "Marti Godia, Enric"]
[Result "1-0"]
[WhiteElo "1528"]
[BlackElo "1620"]
[PlyCount "121"]
[EventDate "2016.04.23"]
[EventType "swiss"]
[EventRounds "9"]
[EventCountry "ESP"]
[SourceTitle "EXT 2017"]
[Source "ChessBase"]
[SourceDate "2016.10.25"]
[SourceVersion "1"]
[SourceVersionDate "2016.10.25"]
[SourceQuality "1"]

1. e4 e5 2. Nf3 Nc6 3. Bc4 Nf6 4. Ng5 d5 5. exd5 Nxd5 6. Nxf7 Kxf7 7. Qf3+ Qf6 8. Bxd5+ Be6 9. Bxe6+ Kxe6 10. Qxf6+ Kxf6 11. 0-0 Bc5 12. Nc3 Rhd8 13. d3 Rf8 14. Ne4+ Kf7 15. Nxc5 Kg8 16. Be3 b6 17. Ne6 Rf7 18. Nxc7 Rxc7 19. Rad1 Rd8 20. f4 Re8 21. d4 exd4 22. Bxd4 Re2 23. c3 Rxb2 24. Rf2 Rb5 25. Re2 Rc8 26. a4 Rf5 27. Rf1 Rd8 28. Rd2 Na5 29. g4 Rfd5 30. Rb1 Nc4 31. Rd3 Rf8 32. f5 Ra5 33. Ra1 Nb2 34. Rd2 Nxa4 35. Rda2 b5 36. c4 Rd8 37. Bc3 Ra6 38. cxb5 Nxc3 39. Rxa6 Nxb5 40. Rb1 Nd4 41. Rxa7 h6 42. Rd1 Ne2+ 43. Kf2 Rxd1 44. Kxe2 Rd4 45. h3 Re4+ 46. Kf3 Re5 47. Ra8+ Kh7 48. Kf4 Rc5 49. g5 Rc4+ 50. Ke5 hxg5 51. f6 Rc5+ 52. Ke6 Rc6+ 53. Kd5 Rb6 54. f7 Rf6 55. f8Q Rxf8 56. Rxf8 g6 57. Rb8 Kh6 58. Rb4 Kh5 59. Ke6 Kh6 60. Kf6 Kh5 61. Kg7 1-0

[Event "Foment Martinenc op-C 18th"]
[Site "Barcelona"]
[Date "2016.05.21"]
[Round "5"]
[White "Marti Godia, Enric"]
[Black "Moncunill Gras, Salvador"]
[Result "0-1"]
[WhiteElo "1620"]
[BlackElo "1701"]
[PlyCount "56"]
[EventDate "2016.04.23"]
[EventType "swiss"]
[EventRounds "9"]
[EventCountry "ESP"]
[SourceTitle "EXT 2017"]
[Source "ChessBase"]
[SourceDate "2016.10.25"]
[SourceVersion "1"]
[SourceVersionDate "2016.10.25"]
[SourceQuality "1"]

1. e4 e5 2. Nf3 Nc6 3. c4 Nf6 4. Nc3 Bc5 5. Be2 0-0 6. 0-0 d6 7. d3 Be6 8. Bd2 h6 9. a3 a6 10. b4 Ba7 11. Nd5 Ng4 12. h3 Nf6 13. Qc1 Nd4 14. Bxh6 Nxe2+ 15. Kh1 Nxc1 16. Bxc1 c6 17. Ne3 Nh5 18. Rd1 Qf6 19. Ng4 Bxg4 20. hxg4 Nf4 21. g5 Qg6 22. g3 Qh5+ 23. Kg1 Qxf3 24. Bxf4 Qxf2+ 25. Kh1 exf4 26. Rf1 Qxg3 27. Rg1 Bxg1 28. Rxg1 Qxd3 0-1

[Event "Foment Martinenc op-C 16th"]
[Site "Barcelona"]
[Date "2014.05.17"]
[Round "4"]
[White "Bienvenido Kleque, Jose"]
[Black "Marti Godia, Enric"]
[Result "1-0"]
[WhiteElo "1712"]
[BlackElo "1700"]
[PlyCount "71"]
[EventDate "2014.04.26"]
[EventType "swiss"]
[EventRounds "9"]
[EventCountry "ESP"]
[SourceTitle "EXT 2015"]
[Source "ChessBase"]
[SourceDate "2014.11.20"]
[SourceVersion "1"]
[SourceVersionDate "2014.11.20"]
[SourceQuality "1"]

1. Nf3 d5 2. b3 e6 3. Bb2 Nf6 4. e3 c5 5. Be2 Bd6 6. 0-0 Bd7 7. d4 c4 8. bxc4 dxc4 9. Bxc4 0-0 10. Bd3 Nc6 11. a3 Qb6 12. Qc1 Rac8 13. c4 Qc7 14. Nbd2 Na5 15. c5 Be7 16. Bc3 b6 17. Bxa5 bxa5 18. Qc2 g6 19. Rfc1 Bc6 20. Rab1 Rb8 21. Rxb8 Qxb8 22. Rb1 Qc7 23. Ne4 Rd8 24. Nxf6+ Bxf6 25. Be4 Bxe4 26. Qxe4 Rd5 27. Qc2 Rh5 28. Qe4 g5 29. Rb7 Qc8 30. c6 Qf8 31. c7 Qxa3 32. c8Q+ Kg7 33. h3 Be7 34. Qc7 Bd6 35. Qxf7+ Kh6 36. Qfxh7# 1-0

[Event "Foment Martinenc op-B 15th"]
[Site "Barcelona"]
[Date "2013.06.01"]
[Round "7"]
[White "Marti Godia, Enric"]
[Black "Gomez Albamonte, Sonia"]
[Result "0-1"]
[WhiteElo "1700"]
[BlackElo "1764"]
[PlyCount "62"]
[EventDate "2013.04.20"]
[EventType "swiss"]
[EventRounds "9"]
[EventCountry "ESP"]
[SourceTitle "CBM 154 Extra"]
[Source "ChessBase"]
[SourceDate "2013.06.25"]
[SourceVersion "2"]
[SourceVersionDate "2013.06.25"]
[SourceQuality "1"]

1. e4 c5 2. Nf3 d6 3. Bc4 e6 4. Nc3 Nf6 5. d3 Be7 6. e5 dxe5 7. Nxe5 0-0 8. Bf4 Nbd7 9. Ng4 a6 10. Qf3 Qb6 11. Ne5 Qxb2 12. 0-0 Qxc3 13. Qg3 Nh5 14. Qg4 Nxf4 15. d4 Nxe5 16. Qxf4 Nxc4 17. Rae1 cxd4 18. Re4 Nd2 19. Rfe1 Nxe4 20. Qxe4 Bd7 21. g3 Bc6 22. Qe2 Bf3 23. Qd3 Qxe1+ 24. Qf1 Qe4 25. h3 Rad8 26. Kh2 d3 27. Qg1 d2 28. h4 d1Q 29. Qxd1 Rxd1 30. Kh3 Qg4+ 31. Kh2 Rh1# 0-1

[Event "Foment Martinenc op-B 15th"]
[Site "Barcelona"]
[Date "2013.05.25"]
[Round "6"]
[White "Medinilla Moya, Dafne"]
[Black "Marti Godia, Enric"]
[Result "1/2-1/2"]
[WhiteElo "1767"]
[BlackElo "1700"]
[PlyCount "36"]
[EventDate "2013.04.20"]
[EventType "swiss"]
[EventRounds "9"]
[EventCountry "ESP"]
[SourceTitle "CBM 154 Extra"]
[Source "ChessBase"]
[SourceDate "2013.06.25"]
[SourceVersion "2"]
[SourceVersionDate "2013.06.25"]
[SourceQuality "1"]

1. d4 d5 2. Nf3 Nc6 3. Bf4 Nf6 4. e3 e6 5. Bd3 Bb4+ 6. c3 Ba5 7. 0-0 0-0 8. Nbd2 Nh5 9. Qc2 g6 10. Ne5 Nxf4 11. exf4 Nxe5 12. fxe5 a6 13. Nf3 Bd7 14. Qd2 Kg7 15. Qg5 Qxg5 16. Nxg5 Bb5 17. Bxb5 axb5 18. b4 Bb6 1/2-1/2